<?xml version="1.0" encoding="UTF-8"?><marc:collection xmlns:marc="http://www.loc.gov/MARC21/slim">
  <marc:record>
    <marc:leader>00000nam##2200000za#4500</marc:leader>
    <marc:controlfield tag="001">9.639272</marc:controlfield>
    <marc:controlfield tag="003">CaOODSP</marc:controlfield>
    <marc:controlfield tag="005">20220328113314</marc:controlfield>
    <marc:controlfield tag="007">cr |||||||||||</marc:controlfield>
    <marc:controlfield tag="008">150407|1998||||xxc|||||o    f|0| 0 fre|d</marc:controlfield>
    <marc:datafield tag="040" ind1=" " ind2=" ">
      <marc:subfield code="a">CaOODSP</marc:subfield>
      <marc:subfield code="b">fre</marc:subfield>
    </marc:datafield>
    <marc:datafield tag="043" ind1=" " ind2=" ">
      <marc:subfield code="a">n-cn---</marc:subfield>
    </marc:datafield>
    <marc:datafield tag="086" ind1="1" ind2=" ">
      <marc:subfield code="a">C2-370/1998F-PDF</marc:subfield>
    </marc:datafield>
    <marc:datafield tag="110" ind1="1" ind2=" ">
      <marc:subfield code="a">Canada. </marc:subfield>
      <marc:subfield code="b">Industrie Canada.</marc:subfield>
    </marc:datafield>
    <marc:datafield tag="245" ind1="1" ind2="0">
      <marc:subfield code="a">Protection des bases de données et droit canadien : </marc:subfield>
      <marc:subfield code="h">[ressource électronique]</marc:subfield>
      <marc:subfield code="b">état du droit en date du 15 juin 1998 / </marc:subfield>
      <marc:subfield code="c">par Robert G. Howell ; l'aide à la recherche a été fournie par Candice Alderson et Kerry Hillier. </marc:subfield>
    </marc:datafield>
    <marc:datafield tag="260" ind1=" " ind2=" ">
      <marc:subfield code="b">Industrie Canada </marc:subfield>
      <marc:subfield code="c">Octobre 1998.</marc:subfield>
    </marc:datafield>
    <marc:datafield tag="300" ind1=" " ind2=" ">
      <marc:subfield code="a">126p.</marc:subfield>
      <marc:subfield code="b">références</marc:subfield>
    </marc:datafield>
    <marc:datafield tag="500" ind1=" " ind2=" ">
      <marc:subfield code="a">Données de catalogage avant publication (Canada) imprimées dans cette publication. «La présente étude examine la protection juridique offerte au Canada en matière de bases de données (traditionnelles ou fondées sur de nouveaux supports) et établit une comparaison avec les mesures de protection existantes ou proposées aux États-Unis et au sein de l'Union européenne. Il s'agit de la première étape des travaux nécessaires à l'élaboration d'une politique en matière de protection des bases de données au Canada. [...] La nécessité d'élaborer une politique de cette nature découle de la récente évolution juridique et stratégique survenue tant au Canada que sur le plan international. Ces développements, qui font l'objet d'un examen approfondi dans le cadre de l'étude, comprennent notamment la possibilité d'un traité international ou de lignes directrices sur la protection des bases de données sous les auspices de l'Organisation mondiale de la propriété intellectuelle.»--Page vii.</marc:subfield>
    </marc:datafield>
    <marc:datafield tag="500" ind1=" " ind2=" ">
      <marc:subfield code="a">Le n° de catalogue (C2-370/1998F) et l'ISBN (0-662-83263-9) de l'édition imprimée bilingue ont été incorrectement copiés dans l'édition électronique.</marc:subfield>
    </marc:datafield>
    <marc:datafield tag="520" ind1="3" ind2=" ">
      <marc:subfield code="a">La présente étude examine la protection juridique offerte au Canada en matière de bases de données (traditionnelles ou fondées sur de nouveaux supports) et établit une comparaison avec les mesures de protection existantes ou proposées aux États-Unis et au sein de l'Union européenne. Il s'agit de la première étape des travaux nécessaires à l'élaboration d'une politique en matière de protection des bases de données au Canada. [...] La nécessité d'élaborer une politique de cette nature découle de la récente évolution juridique et stratégique survenue tant au Canada que sur le plan international. Ces développements, qui font l'objet d'un examen approfondi dans le cadre de l'étude, comprennent notamment la possibilité d'un traité international ou de lignes directrices sur la protection des bases de données sous les auspices de l'Organisation mondiale de la propriété intellectuelle.--Page vii</marc:subfield>
    </marc:datafield>
    <marc:datafield tag="590" ind1=" " ind2=" ">
      <marc:subfield code="a">11-28-Supp</marc:subfield>
      <marc:subfield code="b">2011-11-17</marc:subfield>
    </marc:datafield>
    <marc:datafield tag="691" ind1="0" ind2="7">
      <marc:subfield code="a">Base de données</marc:subfield>
      <marc:subfield code="2">gcpds</marc:subfield>
    </marc:datafield>
    <marc:datafield tag="691" ind1="0" ind2="7">
      <marc:subfield code="a">Gestion de l'information</marc:subfield>
      <marc:subfield code="2">gcpds</marc:subfield>
    </marc:datafield>
    <marc:datafield tag="720" ind1="1" ind2=" ">
      <marc:subfield code="a">Howell, Robert G.</marc:subfield>
    </marc:datafield>
    <marc:datafield tag="775" ind1="0" ind2="8">
      <marc:subfield code="t">Database protection and Canadian laws : </marc:subfield>
      <marc:subfield code="w">(CaOODSP)9.695128</marc:subfield>
    </marc:datafield>
    <marc:datafield tag="776" ind1="0" ind2="#">
      <marc:subfield code="t">Protection des bases de données et droit canadien: état du droit en date du 15 juin 1998 / </marc:subfield>
      <marc:subfield code="w">(CaOODSP)9.680577</marc:subfield>
    </marc:datafield>
    <marc:datafield tag="856" ind1="4" ind2="0">
      <marc:subfield code="a">http://publications.gc.ca</marc:subfield>
      <marc:subfield code="q">PDF</marc:subfield>
      <marc:subfield code="s">4.21 Mo</marc:subfield>
      <marc:subfield code="u">https://publications.gc.ca/collections/Collection/C2-370-1998F.pdf</marc:subfield>
    </marc:datafield>
  </marc:record>
</marc:collection>
